<?xml version="1.0" encoding="UTF-8"?>
<record
    xmlns:xsi="http://www.w3.org/2001/XMLSchema-instance"
    xsi:schemaLocation="http://www.loc.gov/MARC21/slim http://www.loc.gov/standards/marcxml/schema/MARC21slim.xsd"
    xmlns="http://www.loc.gov/MARC21/slim">

  <leader>00564nam a22001697a 4500</leader>
  <controlfield tag="003">OSt</controlfield>
  <controlfield tag="005">20251106111911.0</controlfield>
  <controlfield tag="008">250214s2013    ag ||||| |||| 00| 0 spa d</controlfield>
  <datafield tag="020" ind1=" " ind2=" ">
    <subfield code="a">9789872888640</subfield>
  </datafield>
  <datafield tag="040" ind1=" " ind2=" ">
    <subfield code="c">besoc</subfield>
  </datafield>
  <datafield tag="110" ind1="1" ind2=" ">
    <subfield code="a">Argentina</subfield>
  </datafield>
  <datafield tag="245" ind1="1" ind2="0">
    <subfield code="a">Constituci&#xF3;n de la Naci&#xF3;n Argentina :</subfield>
    <subfield code="b">Incluye los tratados internacionales de derechos humanos con jerarqu&#xED;a constitucional</subfield>
  </datafield>
  <datafield tag="260" ind1=" " ind2=" ">
    <subfield code="a">Buenos Aires :</subfield>
    <subfield code="b">Ministerio de Justicia y Derechos Humanos de la Naci&#xF3;n,</subfield>
    <subfield code="c">2013</subfield>
  </datafield>
  <datafield tag="300" ind1=" " ind2=" ">
    <subfield code="a">254 p.</subfield>
  </datafield>
  <datafield tag="650" ind1=" " ind2="4">
    <subfield code="a">CONSTITUCI&#xD3;N</subfield>
    <subfield code="z">ARGENTINA</subfield>
    <subfield code="y">1994</subfield>
  </datafield>
  <datafield tag="942" ind1=" " ind2=" ">
    <subfield code="2">udc</subfield>
    <subfield code="c">LPD</subfield>
    <subfield code="n">0</subfield>
  </datafield>
  <datafield tag="999" ind1=" " ind2=" ">
    <subfield code="c">446</subfield>
    <subfield code="d">446</subfield>
  </datafield>
  <datafield tag="952" ind1=" " ind2=" ">
    <subfield code="0">0</subfield>
    <subfield code="1">0</subfield>
    <subfield code="2">udc</subfield>
    <subfield code="4">0</subfield>
    <subfield code="7">0</subfield>
    <subfield code="8">CG</subfield>
    <subfield code="a">ESOCIALES</subfield>
    <subfield code="b">ESOCIALES</subfield>
    <subfield code="d">2025-02-14</subfield>
    <subfield code="l">0</subfield>
    <subfield code="o">342.4(82) AR691</subfield>
    <subfield code="p">001356</subfield>
    <subfield code="r">2025-02-14 00:00:00</subfield>
    <subfield code="t">Ej. 1</subfield>
    <subfield code="w">2025-02-14</subfield>
    <subfield code="y">LPD</subfield>
  </datafield>
  <datafield tag="952" ind1=" " ind2=" ">
    <subfield code="0">0</subfield>
    <subfield code="1">0</subfield>
    <subfield code="2">udc</subfield>
    <subfield code="4">0</subfield>
    <subfield code="7">0</subfield>
    <subfield code="8">CG</subfield>
    <subfield code="a">ESOCIALES</subfield>
    <subfield code="b">ESOCIALES</subfield>
    <subfield code="d">2025-11-06</subfield>
    <subfield code="l">0</subfield>
    <subfield code="o">342.4(82) AR691</subfield>
    <subfield code="p">001483</subfield>
    <subfield code="r">2025-11-06 11:20:30</subfield>
    <subfield code="t">Ej. 2</subfield>
    <subfield code="w">2025-11-06</subfield>
    <subfield code="y">LPD</subfield>
  </datafield>
  <datafield tag="952" ind1=" " ind2=" ">
    <subfield code="0">0</subfield>
    <subfield code="1">0</subfield>
    <subfield code="2">udc</subfield>
    <subfield code="4">0</subfield>
    <subfield code="7">0</subfield>
    <subfield code="8">CG</subfield>
    <subfield code="a">ESOCIALES</subfield>
    <subfield code="b">ESOCIALES</subfield>
    <subfield code="d">2025-11-07</subfield>
    <subfield code="e">Donaci&#xF3;n 2025</subfield>
    <subfield code="l">0</subfield>
    <subfield code="o">342.4(82) AR691</subfield>
    <subfield code="p">001484</subfield>
    <subfield code="r">2025-11-07 09:29:23</subfield>
    <subfield code="t">Ej. 3</subfield>
    <subfield code="w">2025-11-07</subfield>
    <subfield code="y">LPD</subfield>
  </datafield>
</record>
